Elementi di filosofia speculativa secondo le dottrine degli scolastici specialmente di San Tommaso d'Aquino. (Registro nro. 153621)

Detalles MARC
000 -LEADER
campo de control de longitud fija 00711nam a22001935i 4500
001 - NÚMERO DE CONTROL
campo de control 153621
003 - IDENTIFICADOR DE NÚMERO DE CONTROL
campo de control ES-MaACL
005 - FECHA Y HORA DE LA ÚLTIMA TRANSACCIÓN
campo de control 20250804062749.0
008 - DATOS DE LONGITUD FIJA--INFORMACIÓN GENERAL
campo de control de longitud fija 050915s1862 it | |||||||| ||ita d
040 ## - FUENTE DE CATALOGACIÓN
Centro catalogador/agencia de origen CAM
Lengua de catalogación spa
Centro/agencia transcriptor CAM
245 00 - MENCIÓN DEL TÍTULO
Título Elementi di filosofia speculativa secondo le dottrine degli scolastici specialmente di San Tommaso d'Aquino.
260 ## - PUBLICACIÓN, DISTRIBUCIÓN, ETC.
Lugar de publicación, distribución, etc. Napoli :
Nombre del editor, distribuidor, etc. [s.n.],
Fecha de publicación, distribución, etc. 1862 (
Fabricante Tipi di Vincenzo Manfredi)
300 ## - DESCRIPCIÓN FÍSICA
Extensión 2 v. (382; V, 428 p.) ;
Dimensiones 23 cm.
600 14 - PUNTO DE ACCESO ADICIONAL DE MATERIA--NOMBRE DE PERSONA
Nombre de persona Tomás de Aquino
Títulos y otros términos asociados al nombre Santo-
Subdivisión general Crítica e interpretación.
9 (RLIN) 110513
650 #7 - PUNTO DE ACCESO ADICIONAL DE MATERIA--TÉRMINO DE MATERIA
Término de materia o nombre geográfico como elemento de entrada Filosofía
Fuente del encabezamiento o término embne
9 (RLIN) 12802
752 ## - ENTRADA AGREGADA--NOMBRE JERÁRQUICO DEL LUGAR
País o entidad superior Italia -
Ciudad Nápoles
852 ## - LOCALIZACIÓN
Ubicación ES-MaACL
Número de control de estantería G-13637
Nota libre -- Enc. hol.
-- -- 2 t. en 1 v.
Existencias
Estatus retirado Estado de pérdida Estado de daño No para préstamo Colección Biblioteca de origen Biblioteca actual Ubicación en estantería Fecha de adquisición Fuente de adquisición Total de préstamos Signatura topográfica completa Código de barras Visto por última vez Precio de reemplazo Tipo de ítem Koha
        Libros del s. XIX Biblioteca del Ateneo de Madrid Biblioteca del Ateneo de Madrid Sala Pecera Planta 3 17/01/2008     G-13637 1160595 23/02/2023 23/02/2023 Libro impreso antiguo